[Event "15. Sueder Sommerpokal 2005"]
[Site "Recklinghausen GER"]
[Date "2005.08.06"]
[Round "6.22"]
[White "Langers, Alexander"]
[Black "Kortenbusch, Christoph"]
[Result "1/2-1/2"]
[WhiteElo "1734"]
[BlackElo "2070"]
[PlyCount "62"]
[EventDate "2005.08.01"]
[EventType "swiss"]
[EventRounds "9"]
[EventCountry "GER"]
[Source "lmi"]
[SourceDate "2005.08.06"]

1. e4 c5 2. Nf3 d6 3. d4 cxd4 4. Nxd4 Nf6 5. Nc3 g6 6. Be3 Bg7 7. f3 O-O 8. Bc4
Nc6 9. Qd2 Bd7 10. h4 Qa5 11. O-O-O Rfc8 12. Bb3 Ne5 13. Kb1 Nc4 14. Bxc4 Rxc4
15. Nd5 Qxd2 16. Nxf6+ Bxf6 17. Rxd2 Rac8 18. h5 a5 19. hxg6 hxg6 20. g4 a4 21.
a3 Bc6 22. c3 Be5 23. Rdd1 Kg7 24. Bh6+ Kg8 25. Be3 e6 26. Rh3 Kf8 27. Rdh1 Ke7
28. Rh7 d5 29. Bg5+ Bf6 30. Bxf6+ Kxf6 31. e5+ Ke7 1/2-1/2

[Event "15. Sueder Sommerpokal 2005"]
[Site "Recklinghausen GER"]
[Date "2005.08.06"]
[Round "6.23"]
[White "Berthy, Andreas"]
[Black "Band, Rüdiger"]
[Result "0-1"]
[WhiteElo "1582"]
[BlackElo "2020"]
[PlyCount "70"]
[EventDate "2005.08.01"]
[EventType "swiss"]
[EventRounds "9"]
[EventCountry "GER"]
[Source "lmi"]
[SourceDate "2005.08.06"]

1. e4 c5 2. Nf3 d6 3. Bc4 Nf6 4. d3 Nc6 5. c3 e6 6. Bb3 Be7 7. O-O O-O 8. Nbd2
b6 9. Re1 Ba6 10. Nf1 Qc7 11. Bf4 Ne5 12. Nxe5 dxe5 13. Bc1 Rfd8 14. c4 Rd6 15.
Qf3 Rad8 16. Bc2 Nd7 17. Qg3 Bf6 18. Ne3 h5 19. Qh3 g6 20. g4 h4 21. Ng2 g5 22.
Kh1 Nf8 23. Rg1 Ng6 24. Qf3 Nf4 25. Bxf4 exf4 26. Nxh4 gxh4 27. g5 Bxb2 28. g6
f5 29. Rab1 Be5 30. Qh5 Qg7 31. Rg2 fxe4 32. Rbg1 exd3 33. Qh7+ Kf8 34. Qh8+
Qxh8 35. g7+ Bxg7 0-1

[Event "15. Sueder Sommerpokal 2005"]
[Site "Recklinghausen GER"]
[Date "2005.08.06"]
[Round "6.24"]
[White "Kartsev, Alexandr"]
[Black "Jungbluth, Rolf"]
[Result "0-1"]
[WhiteElo "1647"]
[BlackElo "2183"]
[PlyCount "76"]
[EventDate "2005.08.01"]
[EventType "swiss"]
[EventRounds "9"]
[EventCountry "GER"]
[Source "lmi"]
[SourceDate "2005.08.06"]

1. d4 d5 2. Nf3 c6 3. Bf4 Bf5 4. e3 Qb6 5. b3 e6 6. Bd3 Ne7 7. O-O Bxd3 8. Qxd3
Ng6 9. Bg3 Be7 10. c4 dxc4 11. bxc4 Qa6 12. Nbd2 Nd7 13. Qb3 O-O 14. Ne4 b6 15.
Rfd1 Rac8 16. Rac1 h6 17. c5 Nf6 18. Nd6 Rcd8 19. Rc4 b5 20. Rc3 Nh5 21. Be5
Kh7 22. g4 Nf6 23. Bxf6 gxf6 24. Ne4 Qc8 25. h3 a5 26. a4 b4 27. Rc2 f5 28.
gxf5 exf5 29. Ned2 f4 30. Kg2 Rg8 31. Rh1 fxe3 32. fxe3 Qf5 33. Kf2 Nh4 34. e4
Qf4 35. Ke2 Rg2+ 36. Kd1 Rdg8 37. Rc1 Nxf3 38. Qxf3 Rxd2+ 0-1

[Event "15. Sueder Sommerpokal 2005"]
[Site "Recklinghausen GER"]
[Date "2005.08.06"]
[Round "6.25"]
[White "Bensch, Arnold Heinrich"]
[Black "Werner, Michael"]
[Result "0-1"]
[WhiteElo "1632"]
[BlackElo "2144"]
[PlyCount "115"]
[EventDate "2005.08.01"]
[EventType "swiss"]
[EventRounds "9"]
[EventCountry "GER"]
[Source "lmi"]
[SourceDate "2005.08.06"]

1. b3 e5 2. Bb2 Nc6 3. e3 d5 4. Bb5 f6 5. Qe2 Nge7 6. d3 a6 7. Bxc6+ Nxc6 8.
Nd2 Be6 9. h3 Qd7 10. Ngf3 Be7 11. O-O-O Na7 12. c4 c5 13. cxd5 Bxd5 14. Nc4
Qc7 15. Qc2 O-O 16. e4 Be6 17. g4 b5 18. Ne3 Rfc8 19. Kb1 a5 20. Rc1 Qb7 21. g5
fxg5 22. Nxe5 a4 23. bxa4 bxa4 24. Ka1 a3 25. Bc3 Nb5 26. Rb1 Qa6 27. N5c4 Nxc3
28. Qxc3 Rcb8 29. Rxb8+ Rxb8 30. Rb1 Rxb1+ 31. Kxb1 Bxh3 32. Qxa3 Qxa3 33. Nxa3
Be6 34. Nac4 h5 35. a4 h4 36. a5 Bc8 37. Kc2 h3 38. Nf1 Bd8 39. Kd2 Bc7 40. e5
Kf7 41. Ke3 Ke6 42. f4 Ba6 43. Ke4 gxf4 44. Nh2 g5 45. Kf3 Bxe5 46. Kg4 Bf6 47.
Kxh3 Kd5 48. Nf3 Bc8+ 49. Kg2 Kc6 50. Kf2 g4 51. Nfd2 Bd4+ 52. Kg2 Bf5 53. Nb3
f3+ 54. Kg3 Bc8 55. Nxd4+ cxd4 56. Ne5+ Kb5 57. Nc4 Be6 58. Kf2 0-1

[Event "15. Sueder Sommerpokal 2005"]
[Site "Recklinghausen GER"]
[Date "2005.08.06"]
[Round "6.26"]
[White "Wachovius, Hans-Werner"]
[Black "Wrona, Manfred"]
[Result "1/2-1/2"]
[WhiteElo "2027"]
[BlackElo "1609"]
[PlyCount "40"]
[EventDate "2005.08.01"]
[EventType "swiss"]
[EventRounds "9"]
[EventCountry "GER"]
[Source "lmi"]
[SourceDate "2005.08.06"]

1. d4 d5 2. Nf3 Nf6 3. e3 b6 4. Bd3 Bb7 5. Nbd2 Nbd7 6. O-O e6 7. Re1 Bb4 8. c3
Be7 9. e4 dxe4 10. Nxe4 c5 11. dxc5 Nxc5 12. Bb5+ Kf8 13. Nxc5 Bxc5 14. Bg5 h6
15. Bh4 Qd5 16. Qxd5 Nxd5 17. Ne5 g5 18. Bg3 Nf4 19. Nd7+ Ke7 20. Nxc5 bxc5
1/2-1/2

[Event "15. Sueder Sommerpokal 2005"]
[Site "Recklinghausen GER"]
[Date "2005.08.06"]
[Round "6.27"]
[White "Kühneweg, Christian"]
[Black "Simon, Roland"]
[Result "1-0"]
[WhiteElo "1496"]
[BlackElo "1877"]
[PlyCount "79"]
[EventDate "2005.08.01"]
[EventType "swiss"]
[EventRounds "9"]
[EventCountry "GER"]
[Source "lmi"]
[SourceDate "2005.08.06"]

1. f4 d5 2. Nf3 c5 3. g3 Nf6 4. Bg2 e6 5. b3 Nbd7 6. Bb2 Bd6 7. O-O O-O 8. e3
b6 9. Nc3 Bb7 10. Qe2 a6 11. Nd1 Qc7 12. Nf2 e5 13. fxe5 Nxe5 14. Nd3 Nxf3+ 15.
Qxf3 Be7 16. Rad1 Rad8 17. Nf4 Ba8 18. Qe2 b5 19. c4 bxc4 20. bxc4 d4 21. Bxa8
Qb8 22. Rb1 Qxa8 23. exd4 Rfe8 24. d5 Bd6 25. Qg2 Be5 26. Bxe5 Rxe5 27. Nd3 Re7
28. Nxc5 Rc7 29. d4 Re8 30. Rfe1 Rce7 31. Rxe7 Rxe7 32. d6 Re8 33. Qxa8 Rxa8
34. Rb6 a5 35. d7 h6 36. Rxf6 gxf6 37. Nb7 Kf8 38. d8=Q+ Rxd8 39. Nxd8 Ke7 40.
Nc6+ 1-0

[Event "15. Sueder Sommerpokal 2005"]
[Site "Recklinghausen GER"]
[Date "2005.08.06"]
[Round "6.28"]
[White "Bastians, Felix"]
[Black "Nebel, Rudi"]
[Result "1-0"]
[WhiteElo "1865"]
[BlackElo "1598"]
[PlyCount "87"]
[EventDate "2005.08.01"]
[EventType "swiss"]
[EventRounds "9"]
[EventCountry "GER"]
[Source "lmi"]
[SourceDate "2005.08.06"]

1. e4 e6 2. d4 d5 3. e5 c5 4. c3 Qb6 5. a3 Nc6 6. Nf3 cxd4 7. cxd4 Nge7 8. b4
Bd7 9. Nc3 Rc8 10. Na4 Qc7 11. Be2 a6 12. O-O Ng6 13. Be3 Be7 14. g3 O-O 15. h4
f5 16. exf6 Bxf6 17. h5 Nge7 18. Bf4 e5 19. dxe5 Nxe5 20. Rc1 Nxf3+ 21. Bxf3
Bxa4 22. Rxc7 Bxd1 23. Bxd1 Rxc7 24. Bxc7 Rc8 25. Bb6 Rc3 26. a4 Nc8 27. Be3 d4
28. Bd2 Rd3 29. Bf4 Nb6 30. Bg4 g5 31. hxg6 hxg6 32. a5 Na4 33. Re1 Kg7 34. Bc8
b5 35. Bxa6 Rb3 36. Bd6 Nc3 37. Bc8 d3 38. Be6 Ra3 39. Bg4 d2 40. Rf1 Ne4 41.
Bf4 Bc3 42. Rb1 Bxb4 43. Rxb4 Nc3 44. Bxd2 1-0

[Event "15. Sueder Sommerpokal 2005"]
[Site "Recklinghausen GER"]
[Date "2005.08.06"]
[Round "6.29"]
[White "Maibaum, Ludwig"]
[Black "Reinholz, Benjamin"]
[Result "1/2-1/2"]
[WhiteElo "1566"]
[BlackElo "1712"]
[PlyCount "95"]
[EventDate "2005.08.01"]
[EventType "swiss"]
[EventRounds "9"]
[EventCountry "GER"]
[Source "lmi"]
[SourceDate "2005.08.06"]

1. c4 Nf6 2. Nc3 d5 3. cxd5 Nxd5 4. d4 Nc6 5. e4 Nb6 6. Be3 e6 7. a3 Be7 8. Nf3
O-O 9. Be2 f5 10. e5 Nd5 11. Qd2 Kh8 12. h4 Na5 13. Qc2 Nxe3 14. fxe3 c5 15.
Rd1 Qe8 16. Nb5 Qc6 17. Kf2 b6 18. dxc5 bxc5 19. Nd6 Nb7 20. Bb5 Qb6 21. Nxc8
Raxc8 22. Rd7 Rf7 23. Ng5 Bxg5 24. hxg5 Rxd7 25. Bxd7 Rd8 26. Ba4 Qc7 27. Qc3
c4 28. Rd1 Rxd1 29. Bxd1 Nc5 30. Qd4 Nd3+ 31. Ke2 Kg8 32. Qd6 Qxd6 33. exd6 Kf7
34. b4 f4 35. Bc2 fxe3 36. Kxe3 e5 37. Bxd3 cxd3 38. Kxd3 Ke6 39. d7 Kxd7 40.
Ke4 Ke6 41. b5 Kd6 42. a4 Kc5 43. Kxe5 Kb4 44. Kd5 Kxa4 45. Kc4 Ka5 46. Kc5 Ka4
47. Kc4 Ka3 48. Kc3 1/2-1/2

[Event "15. Sueder Sommerpokal 2005"]
[Site "Recklinghausen GER"]
[Date "2005.08.06"]
[Round "6.30"]
[White "Kappler, Thomas"]
[Black "Lange, Hans-Werner"]
[Result "1-0"]
[WhiteElo "1688"]
[BlackElo "1589"]
[PlyCount "41"]
[EventDate "2005.08.01"]
[EventType "swiss"]
[EventRounds "9"]
[EventCountry "GER"]
[Source "lmi"]
[SourceDate "2005.08.06"]

1. d4 Nf6 2. c4 g6 3. Nc3 Bg7 4. e4 d6 5. f3 O-O 6. Be3 Nbd7 7. Nge2 a6 8. Qc2
e5 9. d5 c6 10. Rd1 c5 11. a4 Ne8 12. g4 g5 13. Ng3 h6 14. h4 gxh4 15. Nf5 Ndf6
16. Nxh6+ Kh8 17. Rxh4 Nh7 18. Qh2 Nef6 19. g5 Bxh6 20. Rxh6 Ng8 21. Rxh7# 1-0

[Event "15. Sueder Sommerpokal 2005"]
[Site "Recklinghausen GER"]
[Date "2005.08.06"]
[Round "6.31"]
[White "Senay, Baris"]
[Black "Glahn, Michael"]
[Result "1-0"]
[WhiteElo "1659"]
[BlackElo "1234"]
[PlyCount "51"]
[EventDate "2005.08.01"]
[EventType "swiss"]
[EventRounds "9"]
[EventCountry "GER"]
[Source "lmi"]
[SourceDate "2005.08.06"]

1. e4 e5 2. Nf3 Nc6 3. Bc4 Bc5 4. d3 Nf6 5. Nc3 d6 6. h3 h6 7. Bd2 O-O 8. g4
Bd7 9. g5 hxg5 10. Bxg5 Bb4 11. Nd2 Bxc3 12. bxc3 Re8 13. Qf3 Kf8 14. Nf1 Be6
15. Bb5 a6 16. Bxc6 bxc6 17. Ng3 Bd7 18. Nh5 Re6 19. Rg1 Be8 20. Nxg7 Ke7 21.
Nxe6 Kxe6 22. Qf5+ Ke7 23. Bxf6+ Kf8 24. Rg8+ Kxg8 25. Qg5+ Kf8 26. Qg7# 1-0

[Event "15. Sueder Sommerpokal 2005"]
[Site "Recklinghausen GER"]
[Date "2005.08.06"]
[Round "6.32"]
[White "Deinert, Wolfgang"]
[Black "Kitis, Peter"]
[Result "1-0"]
[WhiteElo "1951"]
[BlackElo "1578"]
[PlyCount "64"]
[EventDate "2005.08.01"]
[EventType "swiss"]
[EventRounds "9"]
[EventCountry "GER"]
[Source "lmi"]
[SourceDate "2005.08.06"]

1. e4 c5 2. Nf3 Nc6 3. d4 cxd4 4. Nxd4 g6 5. c4 Bg7 6. Be3 d6 7. Nc3 Nf6 8. f3
O-O 9. Be2 a6 10. Qd2 Re8 11. O-O Bd7 12. Rac1 Nh5 13. Nd5 Nxd4 14. Bxd4 Bc6
15. Bb6 Qd7 16. Nc7 e5 17. Nxa8 Rxa8 18. Rfd1 Nf4 19. Rc2 Bf8 20. Bf1 Re8 21.
Qa5 f5 22. exf5 gxf5 23. Rcd2 Re6 24. Bd8 Qg7 25. Qc3 Rg6 26. b3 Qh6 27. c5 e4
28. cxd6 Bg7 29. Qc4+ Kh8 30. Qf7 e3 31. Bc4 Nd5 32. Rxd5 e2 1-0

[Event "15. Sueder Sommerpokal 2005"]
[Site "Recklinghausen GER"]
[Date "2005.08.06"]
[Round "6.33"]
[White "Rodig, Claus"]
[Black "Bosau, Jens"]
[Result "0-1"]
[WhiteElo "1439"]
[BlackElo "1657"]
[PlyCount "64"]
[EventDate "2005.08.01"]
[EventType "swiss"]
[EventRounds "9"]
[EventCountry "GER"]
[Source "lmi"]
[SourceDate "2005.08.06"]

1. Nf3 Nf6 2. b3 g6 3. Bb2 Bg7 4. e3 O-O 5. c4 d6 6. d4 Nbd7 7. Nc3 c5 8. d5 a6
9. Be2 Rb8 10. O-O Qc7 11. Qc2 Ng4 12. Nd2 Nde5 13. h3 Nf6 14. f4 Ned7 15. a4
e6 16. e4 exd5 17. exd5 Re8 18. Bd3 Nh5 19. Nce4 Ndf6 20. Rae1 Bd7 21. g4 Nxe4
22. Nxe4 f5 23. gxh5 fxe4 24. Bxg7 exd3 25. Qc3 Bxh3 26. Rf3 Rxe1+ 27. Qxe1 Bg4
28. Rg3 Qxg7 29. Rxg4 Qd4+ 30. Kf1 d2 31. Qd1 Re8 32. f5 Re1+ 0-1

[Event "15. Sueder Sommerpokal 2005"]
[Site "Recklinghausen GER"]
[Date "2005.08.06"]
[Round "6.34"]
[White "Riesenbeck, Marten"]
[Black "Bashylin, Seva"]
[Result "1-0"]
[WhiteElo "1647"]
[BlackElo "1362"]
[PlyCount "47"]
[EventDate "2005.08.01"]
[EventType "swiss"]
[EventRounds "9"]
[EventCountry "GER"]
[Source "lmi"]
[SourceDate "2005.08.06"]

1. d4 d5 2. c4 e6 3. Nc3 Nf6 4. e3 Be7 5. Nf3 Nbd7 6. Bd3 O-O 7. O-O h6 8. Qc2
Re8 9. b3 c6 10. Bb2 Bd6 11. Rac1 Qe7 12. cxd5 exd5 13. h3 Bc7 14. Rfe1 Ne4 15.
Nxd5 cxd5 16. Qxc7 Ng5 17. Nxg5 Qxg5 18. Bb5 Qf5 19. Rc3 a6 20. Bxd7 Qxd7 21.
Rec1 Re6 22. Rc5 Rd6 23. Ba3 Qe6 24. Qxd6 1-0

[Event "15. Sueder Sommerpokal 2005"]
[Site "Recklinghausen GER"]
[Date "2005.08.06"]
[Round "6.35"]
[White "Berger, Nadja"]
[Black "Kamper, Marco"]
[Result "0-1"]
[WhiteElo "771"]
[BlackElo "1543"]
[PlyCount "58"]
[EventDate "2005.08.01"]
[EventType "swiss"]
[EventRounds "9"]
[EventCountry "GER"]
[Source "lmi"]
[SourceDate "2005.08.06"]

1. d4 f5 2. Bf4 Nf6 3. e3 d6 4. Nd2 g6 5. Ngf3 Bg7 6. Bd3 O-O 7. Bc4+ Kh8 8.
Ng5 d5 9. Bb3 h6 10. Ngf3 c6 11. c3 Qe8 12. Ne5 Nbd7 13. Nxd7 Nxd7 14. O-O e5
15. Bg3 f4 16. exf4 exf4 17. Bh4 g5 18. Re1 Qf7 19. Qg4 Nf6 20. Qf3 Bg4 21. Qd3
gxh4 22. Bc2 Rae8 23. h3 Bc8 24. g4 hxg3 25. fxg3 Bxh3 26. gxf4 Ne4 27. Nxe4
dxe4 28. Rxe4 Qg6+ 29. Kh2 Qg2# 0-1

[Event "15. Sueder Sommerpokal 2005"]
[Site "Recklinghausen GER"]
[Date "2005.08.06"]
[Round "6.36"]
[White "Kuhn, Oliver"]
[Black "Thiem, Simon"]
[Result "1-0"]
[WhiteElo "1466"]
[BlackElo "1155"]
[PlyCount "43"]
[EventDate "2005.08.01"]
[EventType "swiss"]
[EventRounds "9"]
[EventCountry "GER"]
[Source "lmi"]
[SourceDate "2005.08.06"]

1. d4 f5 2. Nc3 e6 3. Nf3 Bb4 4. Bd2 Bxc3 5. Bxc3 d6 6. Qd3 g6 7. e4 fxe4 8.
Qxe4 Nf6 9. Qh4 b6 10. Bb5+ Nbd7 11. Bc6 Rb8 12. O-O-O Bb7 13. d5 e5 14. Bxb7
Rxb7 15. Rhe1 Qa8 16. Qh3 Nc5 17. Bxe5 dxe5 18. Rxe5+ Kf7 19. Ng5+ Kg7 20. Re7+
Kf8 21. Rde1 c6 22. Qh6+ 1-0

[Event "15. Sueder Sommerpokal 2005"]
[Site "Recklinghausen GER"]
[Date "2005.08.06"]
[Round "6.37"]
[White "Plotkin, Alex"]
[Black "Rausch, Peter"]
[Result "1/2-1/2"]
[WhiteElo "1121"]
[BlackElo "1466"]
[PlyCount "37"]
[EventDate "2005.08.01"]
[EventType "swiss"]
[EventRounds "9"]
[EventCountry "GER"]
[Source "lmi"]
[SourceDate "2005.08.06"]

1. d4 Nf6 2. Nf3 g6 3. c4 d5 4. e3 Bg7 5. Nc3 O-O 6. b3 c5 7. Bb2 cxd4 8. exd4
Bg4 9. Be2 Nc6 10. Ne5 Bxe2 11. Nxc6 Bxd1 12. Nxd8 Bg4 13. Nxb7 dxc4 14. Nc5
cxb3 15. axb3 Rfd8 16. f3 Bf5 17. Nb5 Ne8 18. Rxa7 Rxa7 19. Nxa7 1/2-1/2

[Event "15. Sueder Sommerpokal 2005"]
[Site "Recklinghausen GER"]
[Date "2005.08.07"]
[Round "7.2"]
[White "Savchenko, Vyacheslav"]
[Black "Kiseleva, Natalia"]
[Result "1/2-1/2"]
[WhiteElo "2387"]
[BlackElo "2300"]
[PlyCount "102"]
[EventDate "2005.08.01"]
[EventType "swiss"]
[EventRounds "9"]
[EventCountry "GER"]
[Source "lmi"]
[SourceDate "2005.08.07"]

1. d4 Nf6 2. Bg5 e6 3. Nf3 c5 4. e3 Qb6 5. Qc1 Ne4 6. Bf4 Nc6 7. c3 d5 8. Nbd2
Nxd2 9. Qxd2 Be7 10. Be2 Bd7 11. O-O Rc8 12. h4 cxd4 13. exd4 Na5 14. h5 Bb5
15. h6 g6 16. Rfe1 O-O 17. Bg5 Rce8 18. b3 Bxe2 19. Rxe2 Qc7 20. Rae1 Bd6 21.
Qd3 Rc8 22. Ne5 b6 23. Re3 Be7 24. Bf4 Bd6 25. Rg3 Nc6 26. Rf3 Nxe5 27. Bxe5
Bxe5 28. dxe5 Qc5 29. Qd2 Rc7 30. Ree3 Rfc8 31. Rd3 b5 32. Rf4 Qf8 33. Rb4 a6
34. a4 Rc5 35. Rbd4 Qe7 36. g3 R8c7 37. Qe3 Qd8 38. c4 bxc4 39. bxc4 Rxc4 40.
Rxc4 Rxc4 41. Qa7 Rxa4 42. Rb3 Rc4 43. Qxa6 Qf8 44. Kg2 Rc1 45. Qa3 Qxa3 46.
Rxa3 Kf8 47. g4 g5 48. Ra8+ Ke7 49. Ra7+ Ke8 50. Ra8+ Ke7 51. Ra7+ Ke8 1/2-1/2

[Event "15. Sueder Sommerpokal 2005"]
[Site "Recklinghausen GER"]
[Date "2005.08.07"]
[Round "7.4"]
[White "Halasz, Tamas"]
[Black "Ciornei, Dragos"]
[Result "1-0"]
[WhiteElo "2385"]
[BlackElo "2198"]
[PlyCount "141"]
[EventDate "2005.08.01"]
[EventType "swiss"]
[EventRounds "9"]
[EventCountry "GER"]
[Source "lmi"]
[SourceDate "2005.08.07"]

1. d4 g6 2. Nf3 Nf6 3. c4 Bg7 4. Nc3 O-O 5. e4 d6 6. Be2 e5 7. O-O Nc6 8. d5
Ne7 9. b4 Ne8 10. Nd2 f5 11. f3 f4 12. a4 g5 13. c5 Ng6 14. Ba3 Rf7 15. cxd6
cxd6 16. Nc4 Bf8 17. b5 h5 18. b6 a6 19. Rb1 Rg7 20. h3 Nh4 21. Na5 Nf6 22. Qe1
Nh7 23. Qd1 Nf6 24. Qe1 Ne8 25. Qd1 g4 26. fxg4 hxg4 27. Bxg4 Bxg4 28. hxg4 Nf6
29. Rb2 Rb8 30. Qd3 Nxg4 31. Nc4 Rc8 32. Nd1 Rg6 33. Bb4 Qg5 34. Be1 Nf6 35.
Bxh4 Qxh4 36. Nd2 Ng4 37. Nf3 Qg3 38. Qe2 Rc1 39. Rc2 Rxc2 40. Qxc2 Rg7 41. Qe2
Nf6 42. Nc3 Nd7 43. a5 Nc5 44. Qf2 Qh3 45. Rd1 Be7 46. Qe2 Nb3 47. Nb1 Nxa5 48.
Nbd2 Bd8 49. Rb1 Qd7 50. Qf2 Qa4 51. Nh4 Bxh4 52. Qxh4 Qd4+ 53. Qf2 f3 54. Qxd4
Rxg2+ 55. Kh1 exd4 56. Rg1 Rxg1+ 57. Kxg1 Kf7 58. Kf2 Kf6 59. Kg3 Ke5 60. Kxf3
Kf6 61. Kf4 Ke7 62. Kf3 Kf6 63. Ke2 Ke5 64. Kd3 Kf6 65. Kxd4 Kg5 66. Kc3 Kf4
67. Kb4 Ke3 68. Kxa5 Kxd2 69. e5 dxe5 70. d6 e4 71. d7 1-0

[Event "15. Sueder Sommerpokal 2005"]
[Site "Recklinghausen GER"]
[Date "2005.08.07"]
[Round "7.5"]
[White "Bakhmatov, Eduard"]
[Black "Litwak, Aleksej"]
[Result "1-0"]
[WhiteElo "2373"]
[BlackElo "2168"]
[PlyCount "105"]
[EventDate "2005.08.01"]
[EventType "swiss"]
[EventRounds "9"]
[EventCountry "GER"]
[Source "lmi"]
[SourceDate "2005.08.07"]

1. e4 c5 2. Nf3 e6 3. d3 d5 4. Qe2 Be7 5. g3 Nf6 6. Bg2 Nc6 7. O-O O-O 8. e5
Nd7 9. c4 Nb6 10. Nc3 Nd4 11. Nxd4 cxd4 12. Nb1 dxc4 13. dxc4 Qc7 14. Nd2 Bd7
15. b3 Bc6 16. Bxc6 bxc6 17. Nf3 c5 18. Qe4 a5 19. Bg5 a4 20. Rad1 Rfb8 21. Rd3
h6 22. Bc1 Nd7 23. Re1 axb3 24. axb3 Ra7 25. Qg4 Kh7 26. Qh5 Rf8 27. g4 f5 28.
exf6 Nxf6 29. Qh3 Ng8 30. g5 e5 31. Nxe5 Bd6 32. g6+ Kh8 33. Nf7+ Rxf7 34. gxf7
Qxf7 35. Rf3 Qg6+ 36. Kf1 Ra2 37. Qf5 Qxf5 38. Rxf5 Nf6 39. Bf4 Bxf4 40. Rxf4
Rb2 41. Re5 d3 42. Ke1 Rxb3 43. Kd2 Kh7 44. Rxc5 Kg6 45. Re5 Nd7 46. Rd5 Nb6
47. Rxd3 Rb2+ 48. Ke3 Na4 49. Kd4 Re2 50. Rg3+ Kh5 51. Rxg7 Nb2 52. Rf5+ Kh4
53. c5 1-0

[Event "15. Sueder Sommerpokal 2005"]
[Site "Recklinghausen GER"]
[Date "2005.08.07"]
[Round "7.6"]
[White "Kreslawski, Raimond"]
[Black "Eismont, Igor"]
[Result "0-1"]
[WhiteElo "2245"]
[BlackElo "2292"]
[PlyCount "68"]
[EventDate "2005.08.01"]
[EventType "swiss"]
[EventRounds "9"]
[EventCountry "GER"]
[Source "lmi"]
[SourceDate "2005.08.07"]

1. e4 c6 2. d4 d5 3. Nc3 dxe4 4. Nxe4 Bf5 5. Ng3 Bg6 6. h4 h6 7. Nf3 Nd7 8. h5
Bh7 9. Bd3 Bxd3 10. Qxd3 e6 11. Bf4 Qa5+ 12. Bd2 Qc7 13. O-O-O Bd6 14. Ne4 Bf4
15. Bxf4 Qxf4+ 16. Kb1 Ngf6 17. Rh4 Qc7 18. Qa3 Nxe4 19. Rxe4 Nf6 20. Re5 Qe7
21. Qxe7+ Kxe7 22. c3 Rhd8 23. Rde1 Rd5 24. Rh1 Rad8 25. Kc2 Ng4 26. Re2 Rf5
27. Rh4 Nf6 28. Re5 Rd5 29. c4 Rdxe5 30. dxe5 Nd7 31. Re4 Rxh5 32. Re3 Kd8 33.
Kd2 Rf5 34. Re4 h5 0-1

[Event "15. Sueder Sommerpokal 2005"]
[Site "Recklinghausen GER"]
[Date "2005.08.07"]
[Round "7.7"]
[White "Kartsev, Soel"]
[Black "Bubolz, Konstantin"]
[Result "1/2-1/2"]
[WhiteElo "2269"]
[BlackElo "2019"]
[PlyCount "142"]
[EventDate "2005.08.01"]
[EventType "swiss"]
[EventRounds "9"]
[EventCountry "GER"]
[Source "lmi"]
[SourceDate "2005.08.07"]

1. d4 Nf6 2. Bg5 e6 3. Nf3 h6 4. Bh4 Be7 5. Nbd2 d5 6. e3 O-O 7. Bd3 b6 8. O-O
c5 9. c3 Ba6 10. Bxa6 Nxa6 11. Ne5 Nb8 12. f4 Nfd7 13. Bxe7 Qxe7 14. e4 Nxe5
15. dxe5 Nc6 16. exd5 exd5 17. Qf3 Rad8 18. Rad1 Rfe8 19. Rfe1 Qc7 20. b3 b5
21. Qf2 Qb6 22. Nf3 d4 23. cxd4 Nxd4 24. Nxd4 Rxd4 25. Rxd4 cxd4 26. b4 f6 27.
Re4 d3 28. Qxb6 axb6 29. Kf2 fxe5 30. fxe5 Rd8 31. Ke1 Kf7 32. Kd2 Ke6 33. h4
h5 34. Re3 Rd5 35. Rg3 Rxe5 36. Rxg7 Re2+ 37. Kxd3 Rxa2 38. Rg6+ Kf7 39. Rg5
Rb2 40. Kc3 Rf2 41. Rxh5 Rxg2 42. Rxb5 Rg4 43. h5 Rh4 44. Kb3 Ke7 45. Ka4 Kd7
46. Rf5 Kc6 47. Rg5 Rf4 48. h6 Rh4 49. Rg6+ Kb7 50. Kb5 Rh5+ 51. Ka4 Rh4 52.
Rg7+ Ka6 53. Rg6 Kb7 54. Kb3 Rh3+ 55. Ka4 Rh4 56. Re6 Ka6 57. Rf6 Kb7 58. Rf7+
Ka6 59. h7 b5+ 60. Kb3 Kb6 61. Kc3 Kc6 62. Rg7 Kd5 63. Rc7 Rh3+ 64. Kd2 Kd6 65.
Rb7 Kc6 66. Rg7 Kd5 67. Rc7 Kd6 68. Rc5 Rxh7 69. Rxb5 Kc6 70. Rc5+ Kb6 71. Kc3
Rc7 1/2-1/2

[Event "15. Sueder Sommerpokal 2005"]
[Site "Recklinghausen GER"]
[Date "2005.08.07"]
[Round "7.8"]
[White "Dunst, Wilhelm"]
[Black "Hortsch-Stoyanov, Peter"]
[Result "0-1"]
[WhiteElo "1805"]
[BlackElo "2263"]
[PlyCount "110"]
[EventDate "2005.08.01"]
[EventType "swiss"]
[EventRounds "9"]
[EventCountry "GER"]
[Source "lmi"]
[SourceDate "2005.08.07"]

1. e4 c6 2. d4 d5 3. Nc3 dxe4 4. Nxe4 Nd7 5. Nf3 Ngf6 6. Nxf6+ Nxf6 7. Be2 Bg4
8. c3 e6 9. Ne5 Bxe2 10. Qxe2 Be7 11. O-O O-O 12. Rd1 Qd5 13. Bg5 Rfe8 14. Qf3
Rac8 15. Qxd5 cxd5 16. Bxf6 Bxf6 17. Kf1 Bxe5 18. dxe5 Rc4 19. Rd2 Rec8 20.
Rad1 Re4 21. Re1 Rh4 22. h3 Rcc4 23. Re3 b5 24. b3 Rce4 25. Rxe4 Rxe4 26. Re2
Rh4 27. Rd2 Rh5 28. Re2 Kf8 29. Ke1 Ke7 30. Re3 Rg5 31. g4 f6 32. f4 Rg6 33.
Kf2 h5 34. Rg3 fxe5 35. fxe5 Rg5 36. gxh5 Rxe5 37. Rxg7+ Kf6 38. Rxa7 Rxh5 39.
Kg3 Re5 40. Kf2 Rf5+ 41. Kg2 Rg5+ 42. Kf2 Rg8 43. b4 Rc8 44. Ra3 Kf5 45. Rb3
Kf4 46. Ke2 e5 47. Ra3 e4 48. Ra5 Rxc3 49. Rxb5 d4 50. Rd5 d3+ 51. Kd1 Rc2 52.
Rd8 Rxa2 53. Rg8 Ke3 54. Rg3+ Kd4 55. Rg8 Ra1+ 0-1

[Event "15. Sueder Sommerpokal 2005"]
[Site "Recklinghausen GER"]
[Date "2005.08.07"]
[Round "7.9"]
[White "Kummerow, Heiko"]
[Black "Sharma, Danesh"]
[Result "1-0"]
[WhiteElo "2296"]
[BlackElo "1746"]
[PlyCount "23"]
[EventDate "2005.08.01"]
[EventType "swiss"]
[EventRounds "9"]
[EventCountry "GER"]
[Source "lmi"]
[SourceDate "2005.08.07"]

1. e4 e5 2. Nf3 Nc6 3. d4 exd4 4. Nxd4 Qh4 5. Nc3 Bb4 6. Be2 Qxe4 7. Ndb5 Bxc3+
8. bxc3 Kd8 9. O-O Nf6 10. Re1 Re8 11. Be3 a6 12. Nd6 1-0

[Event "15. Sueder Sommerpokal 2005"]
[Site "Recklinghausen GER"]
[Date "2005.08.07"]
[Round "7.10"]
[White "Rütten, Ingmar"]
[Black "Woller, Rainer"]
[Result "0-1"]
[WhiteElo "2037"]
[BlackElo "2196"]
[PlyCount "78"]
[EventDate "2005.08.01"]
[EventType "swiss"]
[EventRounds "9"]
[EventCountry "GER"]
[Source "lmi"]
[SourceDate "2005.08.07"]

1. Nf3 Nf6 2. c4 c5 3. Nc3 Nc6 4. e3 g6 5. d4 cxd4 6. exd4 d5 7. Bg5 Ne4 8. Qb3
Nxg5 9. Nxg5 Nxd4 10. Qd1 e5 11. h4 Be7 12. Nxd5 Qxd5 13. cxd5 Bb4+ 14. Qd2
Bxd2+ 15. Kxd2 Bf5 16. Bd3 h6 17. Ne4 Bxe4 18. Bxe4 f5 19. Bd3 O-O-O 20. Rac1+
Kb8 21. Rhd1 Rxd5 22. Ke1 Rhd8 23. b4 g5 24. Bc4 Nc2+ 25. Ke2 Rxd1 26. Rxd1
Rxd1 27. Kxd1 Nxb4 28. hxg5 hxg5 29. Be6 f4 30. Kd2 Kc7 31. a3 Na6 32. Ke2 Nc5
33. Bf5 e4 34. f3 e3 35. g3 Kd6 36. g4 Ke5 37. Bc2 Kd4 38. Kd1 Kc3 39. Bf5 b5
0-1